Sports Quiz

Random Sports or Basketball Quiz

NBA Points Per Game Leaders 2011-2012 Season Quiz Stats

Quiz not verified by Sporcle

Challenge
Share
Tweet
Embed
Score 0/20 Timer 06:00
0 Plays Today
Rank Player % Correct
3LeBron James
100%
1Kevin Durant
98.9%
2Kobe Bryant
98.9%
6Carmelo Anthony
98.9%
4Kevin Love
97.9%
5Russell Westbrook
97.9%
9Deron Williams
97.9%
10Blake Griffin
97.9%
13Chris Paul
97.9%
14Paul Pierce
97.9%
Rank Player % Correct
7Lamarcus Aldridge
96.8%
8Dirk Nowitzki
96.8%
16Brandon Jennings
96.8%
11Monta Ellis
95.8%
18Joe Johnson
95.8%
17Rudy Gay
93.7%
19Josh Smith
93.7%
20Andrew Bynum
93.7%
12David Lee
88.4%
15Al Jefferson
84.2%

You're not logged in!

Compare scores with friends on all Sporcle quizzes.
Sign Up with Email
OR
Log In

You Might Also Like...

Show Comments

Extras

Top Quizzes Today


Score Distribution

Your Account Isn't Verified!

In order to create a playlist on Sporcle, you need to verify the email address you used during registration. Go to your Sporcle Settings to finish the process.

Report this User

Report this user for behavior that violates our Community Guidelines.

Details: